Constituição da República Federativa do Brasil (Record no. 189128)

MARC details
000 -LÍDER
campo de controle de tamanho fixo 00428 a2200157 4500
001 - NÚMERO DE CONTROLE
campo de controle 189128
020 ## - ISBN - INTERNATIONAL STANDARD BOOK NUMBER
ISBN - International Standard Book Number 85-86584-86-X
040 ## - FONTE DA CATALOGAÇÃO
Instituição que transcreveu o registro Magnum
100 ## - ENTRADA PRINCIPAL--NOME PESSOAL
Nome pessoal Oliveira, Cláudio Brandão de
240 10 - TÍTULO UNIFORME
Título uniforme Constituição da República Federativa do Brasil
Idioma da obra por
245 10 - TÍTULO
Título Constituição da República Federativa do Brasil
300 ## - DESCRIÇÃO FÍSICA
Extensão 335
362 0# - DATAS DE PUBLICAÇÃO E/OU DESIGNAÇÃO SEQUENCIAL
Datas de publicação e/ou designação sequencial 2000
697 ## - ENTRADA DE ASSUNTO LOCAL--ENTIDADE COLETIVA (RLIN)
Nome corporativo ou nome da jurisdição CIÊNCIA POLÍTICA E DISCIPLINAS AFINS
942 ## - ELEMENTOS DE ENTRADA ADICIONADOS (KOHA)
Tipo de material Koha Livros
Holdings
Situação do descarte Situação das perdas Situação física Não pode ser emprestado Biblioteca de origem Biblioteca atual Data de aquisição Total de empréstimos Número de chamada completo Código de barras Data de último acesso Data do preço efetivo Tipo de material Koha
        Magnum Magnum 08/06/2024   340.1 MAG00063903 08/06/2024 08/06/2024 Livros